00871nam a22002295i 450000100060000000300090000600500170001500700030003200800410003502000180007604000220009408000150011610000360013124500750016726000830024230000220032550400320034765000590037985200640043899900170050295201220051913384ES-MaACL20230906150548.0t|940630s1993 sp ||||0| spa j a84-604-6199-8 aM-BN bspa cM-BN a914.602.811 aMonge Molinero, Eusebio.98219110aTopónimos de la provincia de Guadalajara / cEusebio Monge Molinero. aSigüenza : bE. Monge Molinero, c1993 (eSigüenza : fGráf. Carpintero) a206 p. ; c21 cm. aBibliografía: p. 205-206. 4aNombres geográficos-zGuadalajara (Provincia)915586 aES-MaACLjL-20738 bR.126397 q. - Ded. autógr. del autor c13384d13384 00104070aATENEOMbATENEOMcDEPO2d2008-01-17eSCl0oL-20738p1013627r2023-02-23 00:00:00w2023-02-23yMONOGRAFIA